000 00625cam a22002293a 4500
001 23218
003 PGUSA
005 20140828083508.0
008 071027s2007||||xxu|||||s|||||000 | eng d
040 _aPGUSA
_beng
042 _adc
050 4 _aPR
100 1 _aWells, H. G.
_q(Herbert George),
_d1866-1946
245 1 4 _aThe Red Room
_h[electronic resource] /
_cH. G. Wells
260 _bProject Gutenberg,
_c2007
506 _aPublic domain in the USA.
516 _aElectronic text
653 _aShort stories
830 0 _aProject Gutenberg
_v23218
856 4 0 _uhttp://www.gutenberg.org/ebooks/23218
942 _cEB
999 _c252473
_d252473